Normal view MARC view
  • Egypt

Entry Geographic Name

Number of records used in: 4

001 - CONTROL NUMBER

  • control field: 426

003 - CONTROL NUMBER IDENTIFIER

  • control field: NUST

005 - DATE AND TIME OF LATEST TRANSACTION

  • control field: 20170511114955.0

008 - FIXED-LENGTH DATA ELEMENTS

  • fixed length control field: 170511|| aca||aabn | a|a d

040 ## - CATALOGING SOURCE

  • Original cataloging agency: NUST
  • Transcribing agency: NUST

151 ## - HEADING--GEOGRAPHIC NAME

  • Geographic name: Egypt
  • General subdivision: Politics and government
  • Chronological subdivision: 1970-1981.

670 ## - SOURCE DATA FOUND

  • Source citation: Work cat.: (NUST)69696: Haykal, Muḥammad Ḥasanayn. 423, Autumn of fury :, c.1983
© 2023 Central Library, National University of Sciences and Technology. All Rights Reserved.